Music Quiz

Random Music or Artist Quiz

Left & Right Songs Quiz Stats

 Plays Quiz Updated Nov 29, 2017

Also try: 'Girl' Song Titles
Challenge
Share
Tweet
Embed
Score 0/20 Timer 03:00
4 Plays Today
% Correct
Heart
91.9%
Wrong
91.3%
Words
91.2%
Back
88.3%
Night
87.8%
It
86.9%
Now
85.8%
Fred
84.8%
Time
83.2%
Twice
82.7%
% Correct
Place
82.2%
Me
80.8%
Line
80.6%
Well
80%
You
80%
Waiting
78.3%
Banke
77.8%
Her
73.9%
I
70.5%
Moonlight
45.6%

You're not logged in!

Compare scores with friends on all Sporcle quizzes.
OR
Log In

You Might Also Like...

Show Comments

Extras

Top Quizzes Today


Score Distribution

Your Account Isn't Verified!

In order to create a playlist on Sporcle, you need to verify the email address you used during registration. Go to your Sporcle Settings to finish the process.

Report this User

Report this user for behavior that violates our Community Guidelines.

Details: